| 000 | 00621nam a2200277Ia 4500 | ||
|---|---|---|---|
| 008 | 210210b1928 xxu||||| |||| 00| 0 eng d | ||
| 041 | _aeng | ||
| 082 | _a920/147 | ||
| 100 | _aPILLAI (Ananda Ranga) | ||
| 245 | _aPrivate diary of Ananda Ranga Pillai Vol XII Jan 1760 to Jan 1761 | ||
| 260 |
_aMadras _bGovernment Press _c1928 |
||
| 650 | _aXII | ||
| 650 | _aVol | ||
| 650 | _ato | ||
| 650 | _aRanga | ||
| 650 | _aPrivate | ||
| 650 | _aPillai | ||
| 650 | _aof | ||
| 650 | _aJan | ||
| 650 | _adiary | ||
| 650 | _aAnanda | ||
| 650 | _a1761 | ||
| 650 | _a1760 | ||
| 690 | _aHistory | ||
| 906 | _a024889 | ||
| 999 |
_c150509 _d150509 |
||